Score 0/20 Timer 05:00
1 Play Today
Personality % Correct
Matt Damon
94.6%
Mariah Carey
90%
Tina Fey
86.5%
Vince Vaughn
76.8%
Queen Latifah
76.1%
Andre Agassi
69.9%
Uma Thurman
67.3%
Sarah Silverman
64.2%
Melissa McCarthy
57.4%
Phil Mickelson
54.5%
Personality % Correct
Ethan Hawke
51.3%
Simon Pegg
46.9%
Will Arnett
45.7%
Kevin Smith
42.7%
Heather Graham
41.9%
Jennifer Connelly
38%
River Phoenix
29.9%
Rachel Weisz
29.5%
Nick Offerman
27.7%
Warwick Davis
27.2%
Remove Ads.
Support Sporcle.
Get the best of Sporcle when you Go Orange. This ad-free experience offers more features, more stats, and more fun while also helping to support Sporcle. Thank you for becoming a member.

You're not logged in!

Compare scores with friends on all Sporcle quizzes.
OR
Log In

Show Comments

Extras

Top Quizzes Today


Score Distribution

Your Account Isn't Verified!

In order to create a playlist on Sporcle, you need to verify the email address you used during registration. Go to your Sporcle Settings to finish the process.

Report this User

Report this user for behavior that violates our Community Guidelines.

Details: